UBT Library

Kombinimi i pajisjeve me tela (wired) dhe pa tela(wireless) per realizim te kombinuar brenda kampuseve (Record no. 45982)

000 -LEADER
fixed length control field 00347nam a22001217a 4500
008 - FIXED-LENGTH DATA ELEMENTS--GENERAL INFORMATION
fixed length control field 180518b xxu||||| |||| 00| 0 eng d
041 ## - LANGUAGE CODE
Language code of text/sound track or separate title eng
080 ## - UNIVERSAL DECIMAL CLASSIFICATION NUMBER
Universal Decimal Classification number 043.3
100 ## - Rafti
Rafti 0
101 ## - Shkurtesa
Shkurtesa SHKI-BA
245 ## - TITLE STATEMENT
Title Kombinimi i pajisjeve me tela (wired) dhe pa tela(wireless) per realizim te kombinuar brenda kampuseve
Statement of responsibility, etc Berisha, D
942 ## - ADDED ENTRY ELEMENTS (KOHA)
Source of classification or shelving scheme
Item type Books
Holdings
Withdrawn status Lost status Source of classification or shelving scheme Damaged status Not for loan Collection code Permanent location Current location Shelving location Date acquired Total Checkouts Full call number Barcode Date last seen Price effective from Koha item type
          Koleksioni i përgjithshem UBT - Lipjan UBT - Lipjan Disertacionet 05/18/2018   043.3 Berisha, D 2013 002-3008522 05/18/2018 05/18/2018 Books
          Koleksioni i përgjithshem UBT - Lipjan UBT - Lipjan Disertacionet 05/18/2018   043.3 Berisha, D 2013 002-3008523 05/18/2018 05/18/2018 Books
          Koleksioni i përgjithshem UBT - Lipjan UBT - Lipjan Disertacionet 05/18/2018   043.3 Berisha, D 2013 002-3008524 05/18/2018 05/18/2018 Books
          Koleksioni i përgjithshem UBT - Lipjan UBT - Lipjan Disertacionet 05/18/2018   043.3 Berisha, D 2013 002-3008519 05/18/2018 05/18/2018 Books
UBT Library © 2015-2024. All rights reserved University Education for Business and Technology